000 00577nam a2200217Ia 4500
003 OSt
005 20240404144828.0
008 210210b2011 xxu||||| |||| 00| 0 eng d
040 _cAL
041 _aKannada
082 _aK894.308 GAYK
100 _aGAYATRI NAVADA
_9142327
_dಗಾಯತ್ರಿ ನಾವಡ
245 _aKadam kathegalu
_bಕಾದಂ ಕಥೆಗಳು
260 _aMangaluru
_b-
_c2011
300 _ax,333
650 _akathegaLu
_9142328
650 _aKAdam
_9142329
690 _aKannada Fiction
_9142330
906 _a066672
942 _2ddc
_cBK
999 _c149141
_d149141